000 00960nam a2200241 a 4500
001 BRCA_271
005 20190320202936.0
008 290508s1943----mx-a---###---#000-0#spa-#
041 _aspa
044 _amx
050 4 _aF1386
_b.T67 1943
100 1 _aToro, Alfonso
_d1873-1952
_9907
245 1 0 _aLa cántiga de las piedras
_cpor Alfonso Toro.
260 _aMéxico
_bPatria
_c1943
300 _a395 p.
_bil., fotografías
_c30 cm.
500 _aIncluye información sobre la plaza de la Santa Veracruz y el hospital de San Juan de Dios, donde se ubica actualmente el Museo Franz Mayer : p. 115-118 y 184-190
504 _aBibliografía: p. 393-395
610 2 4 _aMuseo Franz Mayer (Ciudad de México)
_vEdificio
_xHistoria
_9908
650 1 4 _aEdificios coloniales
_xHistoria
_zCiudad de México
_9909
650 1 4 _aMonumentos históricos
_xLeyendas
_zCiudad de México
_9910
650 1 4 _aIglesias y conventos
_xHistoria
_zCiudad de México
_9911
942 _2lcc
_cB
999 _c218
_d218